| 000 | 00634nam a2200217 a 4500 | ||
|---|---|---|---|
| 005 | 20210219153307.0 | ||
| 008 | 991125n 000 0 u | ||
| 035 | _aUPN01000089107 | ||
| 100 | _aFinkelstein, Martin J. | ||
| 222 | _aNEW DIRECTIONS FOR TEACHING AND LEARNING | ||
| 245 | _aNew and junior faculty : a review of the literature | ||
| 300 | _a5-14 | ||
| 362 | _aNo. 50, 1992 | ||
| 505 | _aDiciembre 1992 | ||
| 653 | 0 | _aDESARROLLO DE LA FACULTAD | |
| 653 | 0 | _aPROFESORADO SIN PERMANENCIA | |
| 653 | 0 | _aPROFESORES PRINCIPIANTES | |
| 700 | _aLaCelle-Peterson, Mark W. | ||
| 904 |
_aAC _b026918 |
||
| 905 | _aArticulo | ||
| 999 |
_c73297 _d73297 |
||